[Event "TCh-FRA Top 16 GpA"]
[Site "Marseille "]
[Date "2007.02.10"]
[Round "2"]
[White "Miton, Kamil"]
[Black "Nielsen, Peter Heine"]
[Result "1/2-1/2"]
[WhiteElo "2655"]
[BlackElo "2651"]
[PlyCount "32"]
[EventDate "2007.02.09"]
[EventType "team"]
[EventRounds "11"]
[EventCountry "FRA"]
[Source "Mark Crowther"]
[SourceDate "2007.02.12"]

1. d4 Nf6 2. c4 e6 3. Nf3 d5 4. Nc3 dxc4 5. e4 Bb4 6. Bg5 c5 7. Bxc4 cxd4 8.
Nxd4 Bxc3+ 9. bxc3 Qa5 10. Nb5 Nxe4 11. Bf4 O-O 12. O-O Nc6 13. Qf3 e5 14. Qxe4
exf4 15. g3 Qd8 16. g4 Nb8 1/2-1/2

[Event "TCh-FRA Top 16 GpA"]
[Site "Marseille "]
[Date "2007.02.10"]
[Round "2"]
[White "Nataf, Igor Alexandre"]
[Black "Genov, Petar"]
[Result "1/2-1/2"]
[WhiteElo "2589"]
[BlackElo "2489"]
[PlyCount "61"]
[EventDate "2007.02.09"]
[EventType "team"]
[EventRounds "11"]
[EventCountry "FRA"]
[Source "Mark Crowther"]
[SourceDate "2007.02.12"]

1. e4 c6 2. d4 d5 3. Nd2 dxe4 4. Nxe4 Bf5 5. Ng3 Bg6 6. N1e2 e6 7. Nf4 Bd6 8.
h4 Bxf4 9. Bxf4 h6 10. c3 Nf6 11. h5 Bh7 12. Qb3 Nd5 13. Bd2 Qc7 14. c4 Nf6 15.
Qa3 Na6 16. b4 O-O 17. b5 cxb5 18. cxb5 Nb8 19. Rc1 Qd8 20. Bb4 Re8 21. Bd6 Nd5
22. Be2 Nd7 23. O-O Qh4 24. Rfd1 N7f6 25. Bf3 Red8 26. Bc7 Re8 27. Bd6 Red8 28.
Be7 Nxe7 29. Qxe7 Rd7 30. Qc5 Be4 31. Ra1 1/2-1/2

[Event "TCh-FRA Top 16 GpA"]
[Site "Marseille "]
[Date "2007.02.10"]
[Round "2"]
[White "Amigues, Emmanuel"]
[Black "Spiridonov, Nikola"]
[Result "1/2-1/2"]
[WhiteElo "2391"]
[BlackElo "2365"]
[PlyCount "143"]
[EventDate "2007.02.09"]
[EventType "team"]
[EventRounds "11"]
[EventCountry "FRA"]
[Source "Mark Crowther"]
[SourceDate "2007.02.12"]

1. d4 Nf6 2. c4 e6 3. Nf3 Bb4+ 4. Nbd2 d5 5. a3 Be7 6. e3 c5 7. b3 cxd4 8. Nxd4
O-O 9. Bb2 b6 10. Be2 Bb7 11. O-O Nc6 12. Nxc6 Bxc6 13. cxd5 Qxd5 14. Bf3 Qd7
15. Bxc6 Qxc6 16. Rc1 Qb7 17. Qf3 Qxf3 18. Nxf3 Rfd8 19. Nd4 Kf8 20. Rc4 Rd7
21. Rfc1 Rad8 22. Kf1 Ke8 23. Ke1 a6 24. Nc6 Rc8 25. Ne5 Rxc4 26. Rxc4 Rd6 27.
Rc8+ Rd8 28. Rc6 Rd6 29. Rc8+ Rd8 30. Rc7 Bd6 31. Ra7 Bxe5 32. Bxe5 Rd3 33.
Ra8+ Ke7 34. Ra7+ Ke8 35. Rxa6 Rxb3 36. Ra8+ Ke7 37. Ra7+ Ke8 38. Bd6 Ne4 39.
Bb4 Rb1+ 40. Ke2 Rb2+ 41. Kf3 f5 42. Kf4 Rxf2+ 43. Ke5 Rxg2 44. Kxe6 Rg6+ 45.
Kxf5 Nc5 46. Bxc5 bxc5 47. Ke5 Rh6 48. Rxg7 Rxh2 49. e4 c4 50. Rc7 Rh5+ 51. Ke6
Rh6+ 52. Kf5 Ra6 53. Rxc4 Rxa3 54. Rc7 h5 55. Rh7 Ra6 56. e5 Kf8 57. Rh8+ Ke7
58. Rxh5 Rb6 59. Rh7+ Ke8 60. Ra7 Rc6 61. Ke4 Rb6 62. Kd4 Rc6 63. Kd5 Rh6 64.
Rc7 Rg6 65. Rc6 Rxc6 66. Kxc6 Ke7 67. Kd5 Kd7 68. e6+ Ke7 69. Ke5 Ke8 70. Kd6
Kd8 71. e7+ Ke8 72. Ke6 1/2-1/2

[Event "TCh-FRA Top 16 GpA"]
[Site "Marseille "]
[Date "2007.02.11"]
[Round "3"]
[White "Eljanov, Pavel"]
[Black "Palac, Mladen"]
[Result "1/2-1/2"]
[WhiteElo "2675"]
[BlackElo "2571"]
[PlyCount "46"]
[EventDate "2007.02.09"]
[EventType "team"]
[EventRounds "11"]
[EventCountry "FRA"]
[Source "Mark Crowther"]
[SourceDate "2007.02.12"]

1. d4 Nf6 2. c4 e6 3. Nc3 Bb4 4. Qc2 d5 5. Nf3 dxc4 6. a3 Bxc3+ 7. Qxc3 b5 8.
a4 c6 9. g3 Bb7 10. Bg2 Nbd7 11. O-O O-O 12. b3 cxb3 13. Ba3 Re8 14. Qxb3 a6
15. Rfd1 Nb6 16. Bc5 Qc7 17. a5 Nc4 18. Qc2 Nd7 19. Ng5 f5 20. e4 Nxc5 21. dxc5
Qe7 22. h4 Qxc5 23. exf5 Bc8 1/2-1/2

[Event "TCh-FRA Top 16 GpA"]
[Site "Marseille "]
[Date "2007.02.11"]
[Round "3"]
[White "Kazhgaleyev, Murtas"]
[Black "Hauchard, Arnaud"]
[Result "1-0"]
[WhiteElo "2579"]
[BlackElo "2474"]
[PlyCount "76"]
[EventDate "2007.02.09"]
[EventType "team"]
[EventRounds "11"]
[EventCountry "FRA"]
[Source "Mark Crowther"]
[SourceDate "2007.02.12"]

1. d4 Nf6 2. c4 e6 3. Nf3 b6 4. g3 Ba6 5. Qc2 c5 6. d5 exd5 7. cxd5 d6 8. Nc3
Be7 9. a4 O-O 10. Bg2 Re8 11. O-O Nbd7 12. h3 Nf8 13. Nh4 Ng6 14. Nf5 Bf8 15.
b3 Bc8 16. Bb2 a6 17. e4 Bd7 18. Nd1 Bxf5 19. exf5 Ne5 20. g4 h6 21. f4 Ned7
22. g5 Nh5 23. f6 gxf6 24. Qf2 Ng7 25. Ne3 Rxe3 26. Qxe3 fxg5 27. Rae1 Nh5 28.
fxg5 Qxg5 29. Qf3 Qg6 30. Re4 f5 31. Re6 Qf7 32. Qxf5 Qxf5 33. Rxf5 Ng7 34. Rg6
Ne5 35. Bxe5 dxe5 36. d6 Rd8 37. Bf1 c4 38. bxc4 Ra8 1-0

[Event "TCh-FRA Top 16 GpB"]
[Site "Montpellier"]
[Date "2007.04.29"]
[Round "4.2"]
[White "Bacrot, Etienne"]
[Black "Eingorn, Vereslav S"]
[Result "1-0"]
[WhiteElo "2709"]
[BlackElo "2588"]
[PlyCount "79"]
[EventDate "2007.05.??"]
[EventType "team"]
[EventRounds "11"]
[EventCountry "FRA"]
[SourceDate "2007.01.01"]
[WhiteTeam "Paris Chess 15"]
[BlackTeam "Metz"]
[WhiteTeamCountry "FRA"]
[BlackTeamCountry "FRA"]

1. e4 e6 2. d4 d5 3. Nc3 Bb4 4. e5 c5 5. a3 Bxc3+ 6. bxc3 Qa5 7. Bd2 Qa4 8. Qb1
c4 9. h4 Nc6 10. h5 h6 11. g4 Bd7 12. Bh3 O-O-O 13. Ne2 Nge7 14. Be3 Rdf8 15.
Kd2 f6 16. f4 f5 17. Qg1 fxg4 18. Bxg4 Rhg8 19. Ng3 g6 20. Qh2 gxh5 21. Bh3 h4
22. Nh5 Rg6 23. Nf6 Rgxf6 24. exf6 Rxf6 25. Rhg1 Be8 26. Rg7 Bg6 27. f5 Bxf5
28. Bxf5 exf5 29. Qxh4 Re6 30. Bxh6 Re4 31. Qf2 Qa5 32. Re1 Qxa3 33. Rxe4 dxe4
34. Qf4 Qa5 35. Bg5 Kd7 36. Bxe7 Nxe7 37. Qg5 e3+ 38. Ke2 Qa3 39. Qxf5+ Kd8 40.
Qe6 1-0

[Event "TCh-FRA Top 16 GpB"]
[Site "Montpellier"]
[Date "2007.04.29"]
[Round "4.4"]
[White "Fridman, Daniel"]
[Black "Koch, Jean Rene"]
[Result "1-0"]
[WhiteElo "2635"]
[BlackElo "2451"]
[PlyCount "109"]
[EventDate "2007.05.??"]
[EventType "team"]
[EventRounds "11"]
[EventCountry "FRA"]
[SourceDate "2007.01.01"]
[WhiteTeam "Paris Chess 15"]
[BlackTeam "Metz"]
[WhiteTeamCountry "FRA"]
[BlackTeamCountry "FRA"]

1. Nf3 c5 2. c4 g6 3. e4 Bg7 4. d4 cxd4 5. Nxd4 Nc6 6. Be3 Nf6 7. Nc3 d6 8. Be2
O-O 9. O-O Bd7 10. f3 Nxd4 11. Bxd4 a5 12. b3 Bc6 13. Qd2 Nd7 14. Be3 Nc5 15.
Rab1 Qc7 16. Rfc1 Rfc8 17. Nb5 Qd8 18. Rd1 Qf8 19. Bf1 h5 20. Nd4 Bd7 21. g3
Kh7 22. Rbc1 Bh6 23. Bg2 Bxe3+ 24. Qxe3 e5 25. Ne2 Be6 26. Qd2 Rd8 27. Nc3 b6
28. Rc2 Rac8 29. Qe3 f6 30. Rcd2 Rc6 31. f4 Bg8 32. h4 Kg7 33. f5 Qe8 34. Nb5
Nb7 35. Rf1 Qe7 36. Rdf2 Rf8 37. fxg6 Kxg6 38. Bf3 Qg7 39. Be2 Be6 40. Rxf6+
Rxf6 41. Qg5+ Kh7 42. Rxf6 Qxg5 43. hxg5 Nc5 44. Bxh5 a4 45. Be8 Rc8 46. Bg6+
Kh8 47. b4 Bxc4 48. Nxd6 Nd7 49. Nxc8 Nxf6 50. Nxb6 Bxa2 51. gxf6 a3 52. f7 Kg7
53. Nd7 Bxf7 54. Bxf7 Kxf7 55. Nc5 1-0

[Event "TCh-FRA Top 16 GpB"]
[Site "Montpellier"]
[Date "2007.04.29"]
[Round "4.5"]
[White "Pucher, Sebastien"]
[Black "Lautier, Joel"]
[Result "0-1"]
[WhiteElo "2254"]
[BlackElo "2661"]
[PlyCount "64"]
[EventDate "2007.05.??"]
[EventType "team"]
[EventRounds "11"]
[EventCountry "FRA"]
[SourceDate "2007.01.01"]
[WhiteTeam "Metz"]
[BlackTeam "Paris Chess 15"]
[WhiteTeamCountry "FRA"]
[BlackTeamCountry "FRA"]

1. e4 c5 2. Nf3 Nc6 3. d4 cxd4 4. Nxd4 Nf6 5. Nc3 e5 6. Ndb5 d6 7. Bg5 a6 8.
Na3 b5 9. Bxf6 gxf6 10. Nd5 f5 11. Bd3 Be6 12. O-O Bxd5 13. exd5 Ne7 14. c3 Bg7
15. Qh5 e4 16. Bc2 O-O 17. Rad1 Rc8 18. Bb3 f4 19. Nc2 f5 20. Nd4 Bxd4 21. Rxd4
Ng6 22. Re1 Rc7 23. f3 e3 24. Bc2 Qf6 25. Bd3 Rg7 26. Kh1 Ne5 27. Bc2 Rg5 28.
Qh4 Qg6 29. Qxf4 Rxg2 30. Qxe3 Kh8 31. Re2 Rg8 32. Rd1 Nxf3 0-1

[Event "TCh-FRA Top 16 GpB"]
[Site "Montpellier"]
[Date "2007.04.29"]
[Round "4.6"]
[White "Kritz, Leonid"]
[Black "Gitzinger, Gregory"]
[Result "1-0"]
[WhiteElo "2593"]
[BlackElo "2215"]
[PlyCount "79"]
[EventDate "2007.05.??"]
[EventType "team"]
[EventRounds "11"]
[EventCountry "FRA"]
[SourceDate "2007.01.01"]
[WhiteTeam "Paris Chess 15"]
[BlackTeam "Metz"]
[WhiteTeamCountry "FRA"]
[BlackTeamCountry "FRA"]

1. e4 e6 2. d4 d5 3. Nc3 Nf6 4. Bg5 Be7 5. e5 Nfd7 6. Bxe7 Qxe7 7. f4 O-O 8.
Nf3 c5 9. Qd2 Nc6 10. dxc5 Qxc5 11. O-O-O f6 12. exf6 Nxf6 13. Bd3 Rb8 14. Rhe1
Bd7 15. Kb1 b5 16. Ne2 Kh8 17. h3 b4 18. g4 a5 19. Ng3 a4 20. Ne5 Nxe5 21. Rxe5
b3 22. cxb3 axb3 23. a3 Rfc8 24. Rc1 Qd4 25. Rxc8+ Rxc8 26. Qe3 Qa4 27. Ne2 Bb5
28. Rxe6 Bxd3+ 29. Qxd3 Qd7 30. Re3 d4 31. Qxd4 Qc6 32. Rc3 Qb7 33. Rxc8+ Qxc8
34. Qd3 Qe6 35. Nc1 h5 36. f5 Qe1 37. Qxb3 hxg4 38. hxg4 Nxg4 39. a4 Ne3 40. a5
1-0

[Event "TCh-FRA Top 16 GpB"]
[Site "Montpellier"]
[Date "2007.04.29"]
[Round "4.8"]
[White "Martsynovskaya, Marina"]
[Black "Deiller, Pascal"]
[Result "1-0"]
[WhiteElo "2227"]
[BlackElo "2077"]
[PlyCount "45"]
[EventDate "2007.05.??"]
[EventType "team"]
[EventRounds "11"]
[EventCountry "FRA"]
[SourceDate "2007.01.01"]
[WhiteTeam "Paris Chess 15"]
[BlackTeam "Metz"]
[WhiteTeamCountry "FRA"]
[BlackTeamCountry "FRA"]

1. e4 e6 2. Nc3 d5 3. d4 Bb4 4. e5 Qd7 5. Bd2 b6 6. h4 Bf8 7. Qg4 Bb7 8. Nf3
Nc6 9. h5 h6 10. O-O-O O-O-O 11. Kb1 Na5 12. Be2 f5 13. Qf4 Nc4 14. Be1 b5 15.
b3 Na3+ 16. Kb2 Qc6 17. Rc1 b4 18. Na4 Ba6 19. Nh4 Nc4+ 20. Ka1 Be7 21. Qg3
Bxh4 22. Rxh4 Nb6 23. Nxb6+ 1-0

[Event "TCh-FRA Top 16 GpB"]
[Site "Montpellier"]
[Date "2007.04.29"]
[Round "4.2"]
[White "Naiditsch, Arkadij"]
[Black "Doettling, Fabian"]
[Result "1/2-1/2"]
[WhiteElo "2654"]
[BlackElo "2539"]
[PlyCount "63"]
[EventDate "2007.05.??"]
[EventType "team"]
[EventRounds "11"]
[EventCountry "FRA"]
[SourceDate "2007.01.01"]
[WhiteTeam "Clichy"]
[BlackTeam "Strasbourg"]
[WhiteTeamCountry "FRA"]
[BlackTeamCountry "FRA"]

1. e4 c6 2. d4 d5 3. exd5 cxd5 4. c4 Nf6 5. Nc3 e6 6. Nf3 Bb4 7. cxd5 Nxd5 8.
Qc2 Nc6 9. a3 Ba5 10. Bd3 h6 11. O-O O-O 12. Ne4 Bb6 13. Nc5 Qe7 14. Nb3 Rd8
15. Bd2 Bd7 16. Rfe1 Rac8 17. Qd1 Qf6 18. Re4 Nce7 19. Ne5 Nf5 20. a4 Bc6 21.
a5 Bc7 22. Qe2 Nde7 23. Nxc6 bxc6 24. Bc3 Nd5 25. g3 Rb8 26. Nc5 Bd6 27. Na6
Rbc8 28. Rb1 Bf8 29. Re5 Bd6 30. Re4 Bf8 31. Re5 Bd6 32. Re4 1/2-1/2

[Event "TCh-FRA Top 16 GpB"]
[Site "Montpellier"]
[Date "2007.04.29"]
[Round "4.3"]
[White "Roos, Daniel"]
[Black "Fressinet, Laurent"]
[Result "1/2-1/2"]
[WhiteElo "2414"]
[BlackElo "2644"]
[PlyCount "83"]
[EventDate "2007.05.??"]
[EventType "team"]
[EventRounds "11"]
[EventCountry "FRA"]
[SourceDate "2007.01.01"]
[WhiteTeam "Strasbourg"]
[BlackTeam "Clichy"]
[WhiteTeamCountry "FRA"]
[BlackTeamCountry "FRA"]

1. d4 d5 2. c4 c6 3. e3 Nf6 4. Nf3 a6 5. Bd3 Bg4 6. h3 Bh5 7. Nbd2 e6 8. Qb3
Qc7 9. Ne5 Nbd7 10. Nxd7 Qxd7 11. O-O Bd6 12. e4 dxe4 13. Nxe4 Nxe4 14. Bxe4
O-O 15. Bf3 Bxf3 16. Qxf3 b5 17. Be3 bxc4 18. Rac1 Rfb8 19. Qe2 Qb7 20. Rc2 Qb5
21. Rfc1 h6 22. Qxc4 Qxc4 23. Rxc4 Rxb2 24. Rxc6 Be7 25. R1c2 Rxc2 26. Rxc2 Rb8
27. g4 a5 28. Rc7 Bb4 29. Kf1 Kf8 30. Ke2 Bd6 31. Rc2 Ke7 32. Kd3 Rb1 33. Rc1
Rb2 34. Rc2 Rb1 35. Rc1 Rb5 36. a4 Rb3+ 37. Rc3 Rb2 38. Rc2 Rb3+ 39. Rc3 Rb1
40. Rc1 Rb2 41. Rc2 Rb3+ 42. Rc3 1/2-1/2

[Event "TCh-FRA Top 16 GpB"]
[Site "Montpellier"]
[Date "2007.04.29"]
[Round "4.4"]
[White "Apicella, Manuel"]
[Black "Kallai, Gabor"]
[Result "1/2-1/2"]
[WhiteElo "2555"]
[BlackElo "2491"]
[PlyCount "172"]
[EventDate "2007.05.??"]
[EventType "team"]
[EventRounds "11"]
[EventCountry "FRA"]
[SourceDate "2007.01.01"]
[WhiteTeam "Clichy"]
[BlackTeam "Strasbourg"]
[WhiteTeamCountry "FRA"]
[BlackTeamCountry "FRA"]

1. e4 c5 2. Nf3 Nc6 3. d4 cxd4 4. Nxd4 g6 5. Nc3 Bg7 6. Be3 Nf6 7. Bc4 O-O 8.
Bb3 a5 9. a4 Ng4 10. Qxg4 Nxd4 11. Qh4 d6 12. Nd5 e6 13. Qxd8 Rxd8 14. Nc7 Rb8
15. Rd1 Nxb3 16. Ba7 Nd4 17. Bxd4 Bd7 18. Nb5 Bxb5 19. axb5 Bxd4 20. Rxd4 Rbc8
21. Kd2 Rc5 22. b4 Rxb5 23. bxa5 Rxa5 24. Rb1 Rd7 25. Rb6 Rc7 26. Rb2 Ra6 27.
Rdb4 Ra7 28. Rb6 Rd7 29. R2b3 h5 30. Rd3 Ra6 31. Rxa6 bxa6 32. Ra3 d5 33. Rxa6
dxe4+ 34. Ke3 Rc7 35. Kxe4 Rxc2 36. Ke3 h4 37. h3 Rc4 38. Rb6 Kg7 39. Ra6 Kf6
40. Ra7 Rb4 41. Rc7 g5 42. Ra7 Kg6 43. Re7 Rb6 44. Ra7 f5 45. Ra4 Kf6 46. Ra8
Rb4 47. Ra6 Rb5 48. Ra8 Rb6 49. Ke2 Rb2+ 50. Ke3 e5 51. Ra6+ Kf7 52. Ra7+ Kg6
53. Ra6+ Kh5 54. Ra8 Rb3+ 55. Ke2 e4 56. Ra5 Kg6 57. Ra6+ Kf7 58. Ra1 Kf6 59.
Rc1 Ke5 60. Ra1 Kf4 61. Rc1 Ra3 62. Rb1 Rc3 63. Ra1 Rc4 64. Kf1 g4 65. hxg4
Kxg4 66. Ra8 Rc1+ 67. Ke2 Rg1 68. Rg8+ Kf4 69. Rh8 Rxg2 70. Rxh4+ Rg4 71. Rh8
Rg7 72. Rh4+ Ke5 73. f3 Rg2+ 74. Kf1 exf3 75. Rh8 Re2 76. Re8+ Kf4 77. Ra8 Rb2
78. Rc8 f2 79. Rc3 Kg4 80. Ra3 f4 81. Rc3 Kf5 82. Ra3 Rd2 83. Ra7 Ke4 84. Ra4+
Kf3 85. Ra3+ Kg4 86. Rb3 Ra2 1/2-1/2

[Event "TCh-FRA Top 16 GpB"]
[Site "Montpellier"]
[Date "2007.04.29"]
[Round "4.6"]
[White "Edouard, Romain"]
[Black "Reinhart, Emmanuel"]
[Result "1-0"]
[WhiteElo "2447"]
[BlackElo "2299"]
[PlyCount "95"]
[EventDate "2007.05.??"]
[EventType "team"]
[EventRounds "11"]
[EventCountry "FRA"]
[SourceDate "2007.01.01"]
[WhiteTeam "Clichy"]
[BlackTeam "Strasbourg"]
[WhiteTeamCountry "FRA"]
[BlackTeamCountry "FRA"]

1. e4 c6 2. d4 d5 3. e5 Bf5 4. Nf3 e6 5. Be2 c5 6. Be3 Nc6 7. dxc5 Qc7 8. O-O
Nge7 9. c4 O-O-O 10. Qa4 d4 11. Bg5 Qa5 12. Qxa5 Nxa5 13. Nbd2 h6 14. Bh4 g5
15. Bg3 Ng6 16. a3 Nc6 17. Bd1 Bg7 18. Re1 h5 19. h4 g4 20. Ng5 Ncxe5 21. Nde4
f6 22. Nd6+ Rxd6 23. cxd6 fxg5 24. hxg5 h4 25. Bh2 Nf7 26. c5 d3 27. Bb3 Nxg5
28. c6 bxc6 29. Rac1 Kd7 30. Rc4 e5 31. Ra4 Kxd6 32. Bd1 Bf6 33. Bxg4 Bxg4 34.
Rxg4 Rd8 35. f3 Ke6 36. Rc4 Kd5 37. Rc3 e4 38. fxe4+ Nxe4 39. Rxd3+ Kc5 40.
Rxd8 Bxd8 41. Rxe4 Bf6 42. Re6 Bd4+ 43. Kf1 Nf8 44. Re8 Ng6 45. Bg1 Bxg1 46.
Kxg1 Nf4 47. Re4 Nd3 48. b3 1-0

[Event "TCh-FRA Top 16 GpB"]
[Site "Montpellier"]
[Date "2007.04.29"]
[Round "4.7"]
[White "Roos, Jean Luc"]
[Black "David, Alberto"]
[Result "0-1"]
[WhiteElo "2294"]
[BlackElo "2525"]
[PlyCount "64"]
[EventDate "2007.05.??"]
[EventType "team"]
[EventRounds "11"]
[EventCountry "FRA"]
[SourceDate "2007.01.01"]
[WhiteTeam "Strasbourg"]
[BlackTeam "Clichy"]
[WhiteTeamCountry "FRA"]
[BlackTeamCountry "FRA"]

1. d4 Nf6 2. c4 e6 3. Nc3 Bb4 4. Qc2 Nc6 5. Nf3 d6 6. g3 O-O 7. Bg2 e5 8. d5
Ne7 9. O-O h6 10. Ne1 c6 11. dxc6 Nxc6 12. Nd5 Nxd5 13. cxd5 Nd4 14. Qd1 Bg4
15. f3 Bd7 16. Nd3 Ba5 17. a4 Rc8 18. Kh1 Nc2 19. Ra2 Bb6 20. b3 Ne3 21. Bxe3
Bxe3 22. Nb2 b5 23. Qd3 Bd4 24. Nd1 bxa4 25. bxa4 Qa5 26. e3 Bb6 27. f4 Rc1 28.
fxe5 dxe5 29. Nb2 Rc3 30. Qb1 Qb4 31. Qa1 Rxe3 32. Qd1 Bg4 0-1

[Event "TCh-FRA Top 16 GpB"]
[Site "Montpellier"]
[Date "2007.04.29"]
[Round "4.2"]
[White "Bunzmann, Dimitrij"]
[Black "Marcelin, Cyril"]
[Result "1/2-1/2"]
[WhiteElo "2525"]
[BlackElo "2493"]
[PlyCount "59"]
[EventDate "2007.05.??"]
[EventType "team"]
[EventRounds "11"]
[EventCountry "FRA"]
[SourceDate "2007.01.01"]
[WhiteTeam "Drancy"]
[BlackTeam "Evry"]
[WhiteTeamCountry "FRA"]
[BlackTeamCountry "FRA"]

1. d4 Nf6 2. c4 e6 3. Nf3 d5 4. g3 dxc4 5. Qa4+ c6 6. Qxc4 b5 7. Qb3 Bb7 8. Bg2
Nbd7 9. O-O Qb6 10. a4 a6 11. Nc3 c5 12. axb5 cxd4 13. Na4 Qxb5 14. Nxd4 Qxb3
15. Nxb3 Bxg2 16. Kxg2 Bb4 17. Be3 O-O 18. Rfc1 Rfb8 {
Proposition de nulle: refusé.} 19. Rc4 h6 20. Rd1 a5 21. Rc7 Ne5 22. Ba7 Rc8
23. Rb7 Nc4 24. Rc1 Nd6 25. Rxc8+ Rxc8 26. Rb8 Rxb8 27. Bxb8 Nc4 28. Nc1 Nd5
29. Nd3 Bd6 30. Bxd6 1/2-1/2

[Event "TCh-FRA Top 16 GpB"]
[Site "Montpellier"]
[Date "2007.04.29"]
[Round "4.3"]
[White "Chabanon, Jean Luc"]
[Black "Legky, Nikolay A"]
[Result "1/2-1/2"]
[WhiteElo "2426"]
[BlackElo "2465"]
[PlyCount "135"]
[EventDate "2007.05.??"]
[EventType "team"]
[EventRounds "11"]
[EventCountry "FRA"]
[SourceDate "2007.01.01"]
[WhiteTeam "Evry"]
[BlackTeam "Drancy"]
[WhiteTeamCountry "FRA"]
[BlackTeamCountry "FRA"]

1. d4 d5 2. c4 dxc4 3. Nf3 Nf6 4. e3 e6 5. Bxc4 c5 6. O-O Nc6 7. Bb3 Be7 8. Nc3
O-O 9. Qe2 cxd4 10. Rd1 e5 11. exd4 exd4 12. Nxd4 Nxd4 13. Qc4 Be6 14. Qxd4
Qxd4 15. Rxd4 Bc5 16. Rd1 Bxb3 17. axb3 Rfe8 18. Ra4 h6 19. h3 a6 20. Rc4 Rac8
21. Nd5 Nxd5 22. Rxd5 b6 23. Kf1 Rc6 24. Bd2 Rce6 25. b4 Bf8 26. b5 axb5 27.
Rxb5 Bc5 28. Bc3 Re2 29. Rbxc5 bxc5 30. Rxc5 Rc2 31. g3 Ree2 32. Rf5 f6 33. h4
Kf7 34. h5 Re7 35. Kg2 Rc1 36. Rd5 Ke6 37. Rd4 Rd7 38. Rb4 Rcd1 39. Rb6+ Kf5
40. Rb4 R1d5 41. Rf4+ Ke6 42. Re4+ Kf7 43. g4 f5 44. Rf4 g5 45. Rxf5+ Rxf5 46.
gxf5 Rd5 47. f6 Rf5 48. Kg3 Ke6 49. f3 Rf4 50. Bd2 Rd4 51. Bc3 Rh4 52. b4 Rc4
53. Bd2 Kxf6 54. b5 Rc2 55. Be3 Kf5 56. b6 Rb2 57. Bd4 Rb3 58. Kf2 g4 59. fxg4+
Kxg4 60. Ke2 Kxh5 61. Kd2 Kg4 62. Kc2 Rb5 63. Kc3 Kf5 64. Kc4 Rb1 65. Kd5 h5
66. Kc6 h4 67. Bf2 h3 68. Bg3 1/2-1/2

[Event "TCh-FRA Top 16 GpB"]
[Site "Montpellier"]
[Date "2007.04.29"]
[Round "4.4"]
[White "Borne, Niels"]
[Black "Relange, Eloi"]
[Result "0-1"]
[WhiteElo "2335"]
[BlackElo "2476"]
[PlyCount "50"]
[EventDate "2007.05.??"]
[EventType "team"]
[EventRounds "11"]
[EventCountry "FRA"]
[SourceDate "2007.01.01"]
[WhiteTeam "Drancy"]
[BlackTeam "Evry"]
[WhiteTeamCountry "FRA"]
[BlackTeamCountry "FRA"]

1. d4 Nf6 2. c4 g6 3. Nc3 Bg7 4. e4 d6 5. Bd3 O-O 6. Nge2 Nc6 7. O-O Nh5 8. Bc2
e5 9. d5 Ne7 10. a4 f5 11. exf5 gxf5 12. Ng3 Nf4 13. Ra3 Neg6 14. Nce2 Qg5 15.
Nxf4 Nxf4 16. Rf3 Bd7 17. Kh1 Be8 18. Rg1 Kh8 19. Bxf4 exf4 20. Qd2 Be5 21. Ne2
Bh5 22. Rb3 Qh4 23. Rh3 Qg4 24. Nd4 f3 25. Rg3 Qxd4 0-1

[Event "TCh-FRA Top 16 GpB"]
[Site "Montpellier"]
[Date "2007.04.29"]
[Round "4.5"]
[White "Feller, Sebastien"]
[Black "Karr, Jean Philippe"]
[Result "1/2-1/2"]
[WhiteElo "2445"]
[BlackElo "2409"]
[PlyCount "117"]
[EventDate "2007.05.??"]
[EventType "team"]
[EventRounds "11"]
[EventCountry "FRA"]
[SourceDate "2007.01.01"]
[WhiteTeam "Evry"]
[BlackTeam "Drancy"]
[WhiteTeamCountry "FRA"]
[BlackTeamCountry "FRA"]

1. d4 Nf6 2. c4 g6 3. Nc3 d5 4. Nf3 Bg7 5. cxd5 Nxd5 6. Bd2 O-O 7. Rc1 Bf5 8.
e3 Nxc3 9. Bxc3 Nd7 10. Be2 Nf6 11. O-O Ne4 12. Bb4 b6 13. Ba3 c5 14. dxc5 Nxc5
15. Nd4 Bd7 16. Bf3 Rc8 17. Qe2 e5 18. Bxc5 Rxc5 {Propose nulle: refusé.} 19.
Rxc5 bxc5 20. Nb3 Qb6 21. Bd5 Bb5 22. Bc4 Bc6 23. e4 a5 24. Rd1 a4 25. Nc1 Rd8
26. Rxd8+ Qxd8 27. Qd3 Qd4 28. Qxd4 cxd4 29. f3 Kf8 30. b4 axb3 31. Nxb3 Ke7
32. Kf1 f5 33. Na5 Ba8 34. Bd3 Ke6 35. a4 Bf8 36. Ke2 Bb4 37. Nb3 f4 38. Bc4+
Kd6 39. a5 Bc6 40. a6 Kc7 41. Nc1 Kb6 42. Nd3 Bd6 43. Nf2 Bd7 44. g3 fxg3 45.
hxg3 g5 {propose nulle: refusé.} 46. g4 Be8 47. Nh1 h5 48. gxh5 Bxh5 49. Ng3
Be8 50. Nf5 Bc5 51. Nh6 Bf8 52. Ng8 Bd6 53. Nf6 Bc6 54. Kd3 Ba4 55. Ng4 Bd1 56.
Nh6 Bxf3 57. Nf7 Bc7 58. Nxg5 Bg4 59. Be6 1/2-1/2

[Event "TCh-FRA Top 16 GpB"]
[Site "Montpellier"]
[Date "2007.04.29"]
[Round "4.6"]
[White "Berthelot, Yannick"]
[Black "Brochet, Philippe"]
[Result "1/2-1/2"]
[WhiteElo "2317"]
[BlackElo "2392"]
[PlyCount "138"]
[EventDate "2007.05.??"]
[EventType "team"]
[EventRounds "11"]
[EventCountry "FRA"]
[SourceDate "2007.01.01"]
[WhiteTeam "Drancy"]
[BlackTeam "Evry"]
[WhiteTeamCountry "FRA"]
[BlackTeamCountry "FRA"]

1. e4 c5 2. Nf3 e6 3. d4 cxd4 4. Nxd4 Nf6 5. Nc3 Nc6 6. Ndb5 Bc5 7. Bf4 O-O 8.
Bc7 Qe7 9. Bd6 Bxd6 10. Qxd6 Qd8 11. Nc7 Rb8 12. Be2 b5 13. e5 b4 14. exf6 bxc3
15. fxg7 Kxg7 16. Qg3+ Kh8 17. Qxc3+ e5 18. Nd5 Nd4 19. Bc4 Bb7 20. Rd1 Qh4 21.
Qd3 Rbc8 22. b3 Rg8 23. O-O Qg4 24. g3 Qh3 25. Qe4 Rg5 26. Rxd4 exd4 27. Qxd4+
Rg7 28. Re1 Qf5 29. c3 Bxd5 30. Bxd5 f6 31. Re3 Rg4 32. Qd3 Qxd3 33. Rxd3 Rg7
34. Be4 Re7 35. Bf5 Kg7 36. Rxd7 Rxd7 37. Bxd7 Rxc3 38. Be6 Kf8 39. Kg2 Ke7 40.
Bc4 Kd6 41. Bg8 h6 42. Bf7 Rc2 43. a4 Kc5 44. g4 a5 45. Kg3 Kd4 46. h4 Rc3+ 47.
Kf4 Rc5 48. Bg8 Kd3 49. Bh7+ Ke2 50. f3 Kf2 51. Bg8 Re5 52. Bf7 Kg2 53. Bg8 Kh3
54. h5 Kg2 55. Bf7 Kf2 56. Bg8 Ke2 57. Bc4+ Kd2 58. Bg8 Kc3 59. Bf7 Kd4 60. Bg8
Kc5 61. Bf7 Kd6 62. Bg8 Rg5 63. Bh7 Re5 64. Bg8 Ke7 65. Bc4 Rg5 66. Bd3 Rd5 67.
Bc4 Rc5 68. Bd3 Kd6 69. Bc4 Rg5 1/2-1/2

[Event "TCh-FRA Top 16 GpB"]
[Site "Montpellier"]
[Date "2007.04.29"]
[Round "4.7"]
[White "Bergez, Luc"]
[Black "Salaun, Yann"]
[Result "1-0"]
[WhiteElo "2398"]
[BlackElo "2336"]
[PlyCount "107"]
[EventDate "2007.05.??"]
[EventType "team"]
[EventRounds "11"]
[EventCountry "FRA"]
[SourceDate "2007.01.01"]
[WhiteTeam "Evry"]
[BlackTeam "Drancy"]
[WhiteTeamCountry "FRA"]
[BlackTeamCountry "FRA"]

1. e4 e5 2. Bc4 Nf6 3. d4 exd4 4. Nf3 b5 5. Bxb5 Bb7 6. e5 Ne4 7. O-O Bc5 8.
Nxd4 O-O 9. Nc3 Qe7 10. Bf4 f5 11. Bc4+ Kh8 12. Nd5 Qf7 13. Ne3 Qg6 14. h4 Nc6
15. c3 Qe8 16. Bd5 Rb8 17. Ndxf5 Nxe5 18. Bxb7 Rxb7 19. Qd5 Nc6 20. Nxg7 Kxg7
21. Nf5+ Rxf5 22. Qxf5 Qe6 23. Qxe6 dxe6 24. Rae1 Nxf2 25. Rxe6 Nh3+ 26. Kh1
Nxf4 27. Rxc6 Nd3 28. Rf3 Nf2+ 29. Kh2 Ne4 30. b4 Bd6+ 31. Kh3 Rb5 32. a4 Rd5
33. c4 Rd3 34. Kg4 Rd4 35. Kf5 Nd2 36. Rc3 Re4 37. c5 Re5+ 38. Kg4 Re4+ 39. Kh3
Be5 40. Rd3 h5 41. Re6 Nc4 42. g3 Ne3 43. Rd7+ Kf8 44. Rh7 Ng4 45. Rxh5 Kf7 46.
Rc6 Nf6 47. Rxe5 Rxe5 48. Rxc7+ Ke6 49. Rxa7 Re3 50. c6 Rc3 51. b5 Ne4 52. b6
Rxg3+ 53. Kh2 Rg8 54. Ra8 1-0